Personal Computer in kleinen Produktionsunternehmen

Uložené v:
Podrobná bibliografia
Hlavný autor: Hoff, Harald
Médium: Kniha
Jazyk:German
Vydavateľské údaje: Berlin Springer 1988
Vydanie:1. Aufl.
Tagy: Pridať tag
Žiadne tagy, Buďte prvý, kto otaguje tento záznam!

MARC

LEADER 00000nam a2200000 4500
001 c028686
005 20221206134444.5
041 0 |a ger 
044 |a DE 
245 1 0 |a Personal Computer in kleinen Produktionsunternehmen  |c Harald Hoff 
250 |a 1. Aufl. 
264 1 |a Berlin  |b Springer  |c 1988 
300 |a 153 s. 
100 1 |a Hoff, Harald